000
00275nam a22001097a 4500
999
_c
68392
_d
68389
082
_a
م غ ل
100
_a
مغل، محمود
245
_a
محبتن بہ ناولیٹ
260
_a
کراچی
_b
کاچو بپلیکیشن
_c
۲۰۱۵
300
_a
۵۶۶
_b
۱۵۷
942
_c
BK